000
00281nam a2200109Ia 4500
008
190216s9999||||xx |||||||||||||| ||und||
100
_a
Patil V A&Amp; Korlahall Js
245
0
_a
Principles And Practice Of Book-Keeping
260
_b
Kalyani Pub
_c
1973
300
_a
950p
942
_c
BK
999
_c
4590
_d
4590